<?xml version="1.0" encoding="UTF-8"?>
<record
    xmlns:xsi="http://www.w3.org/2001/XMLSchema-instance"
    xsi:schemaLocation="http://www.loc.gov/MARC21/slim http://www.loc.gov/standards/marcxml/schema/MARC21slim.xsd"
    xmlns="http://www.loc.gov/MARC21/slim">

  <leader>01794agaaa2200337   4500</leader>
  <controlfield tag="001">0983</controlfield>
  <controlfield tag="003">IT-RoPAU</controlfield>
  <controlfield tag="005">20220918181234.0</controlfield>
  <controlfield tag="007">d cvaizq</controlfield>
  <controlfield tag="008">50131s9999||||xx ||| |     ||   ||und||</controlfield>
  <datafield tag="040" ind1=" " ind2=" ">
    <subfield code="a">IT-RoPAU</subfield>
    <subfield code="c">IT-RoPAU</subfield>
  </datafield>
  <datafield tag="041" ind1=" " ind2=" ">
    <subfield code="a">ITALIANO</subfield>
  </datafield>
  <datafield tag="100" ind1=" " ind2=" ">
    <subfield code="a">Herz Juraj</subfield>
    <subfield code="g">Codice regista SPICS: 38655</subfield>
    <subfield code="9">41939</subfield>
  </datafield>
  <datafield tag="130" ind1=" " ind2=" ">
    <subfield code="a">GIORNI DEL NOSTRO AMORE (I)</subfield>
    <subfield code="9">41940</subfield>
  </datafield>
  <datafield tag="240" ind1=" " ind2=" ">
    <subfield code="a">DEN PRO NOU LASKU</subfield>
    <subfield code="g">T2567</subfield>
  </datafield>
  <datafield tag="245" ind1=" " ind2=" ">
    <subfield code="a">GIORNI DEL NOSTRO AMORE (I)</subfield>
    <subfield code="c">Sceneggiatura: Zinnerova Marketa -- Diretto da: Herz Juraj</subfield>
    <subfield code="p">GIORNI DEL NOSTRO AMORE (I) (Rif. Codice opera principale : V0983)</subfield>
  </datafield>
  <datafield tag="246" ind1=" " ind2=" ">
    <subfield code="a">DEN PRO NOU LASKU</subfield>
  </datafield>
  <datafield tag="250" ind1=" " ind2=" ">
    <subfield code="a">Edizione Standard</subfield>
  </datafield>
  <datafield tag="260" ind1=" " ind2=" ">
    <subfield code="a">PRAGA (CECOSLOVACCHIA)</subfield>
    <subfield code="b">STUDIO BARRANDOV / Distribuzione: SPF FIRENZE</subfield>
    <subfield code="g">"1976 (1&#xB0; ed.: 1993 ; Ed. Lingua Orig.: 1976)"</subfield>
  </datafield>
  <datafield tag="300" ind1=" " ind2=" ">
    <subfield code="a">16MM</subfield>
    <subfield code="b">sonoro, col.</subfield>
    <subfield code="c">90 minuti</subfield>
  </datafield>
  <datafield tag="508" ind1=" " ind2=" ">
    <subfield code="a">"Fotografia: Machane Jiri; Musica: Hapka Petr; Sceneggiatura: Zinnerova Marketa; "</subfield>
  </datafield>
  <datafield tag="511" ind1=" " ind2=" ">
    <subfield code="a">"Vancurova Marta; Harapes Vlastimil; Kamenicka Sylva; Seibalowa Jirina; Pichova Eva"</subfield>
  </datafield>
  <datafield tag="520" ind1=" " ind2=" ">
    <subfield code="a">L'IMPROVVISA MORTE DELLA LORO BIMBA METTE IN CRISI IL MATRIMONIO DI MARIA E PETER. PUR DISPERATI I DUE SPOSI RIPRENDONO LE RISPETTIVE OCCUPAZIONI SORRETTI ANCHE DALL'AFFETTO DEGLI AMICI. DOPO UN PO' I CONIUGI SI RICONCILIERANNO E LA NASCITA DI UN NUOVO BAMBINO RIPORTERA' LA SERENITA' DEFINITIVA NELNUOVO RAPPROTO. FILM A COLORI. PELLICOLA IN BUONO STATO.</subfield>
  </datafield>
  <datafield tag="538" ind1=" " ind2=" ">
    <subfield code="a">MONO</subfield>
  </datafield>
  <datafield tag="546" ind1=" " ind2=" ">
    <subfield code="a">ITALIANO</subfield>
  </datafield>
  <datafield tag="650" ind1=" " ind2=" ">
    <subfield code="a">DRAMMATICO</subfield>
    <subfield code="e">PELLICOLE CINEMA [16 MM]</subfield>
    <subfield code="x">Codice MATERIA SPICS: 9955</subfield>
    <subfield code="9">41941</subfield>
  </datafield>
  <datafield tag="700" ind1=" " ind2=" ">
    <subfield code="a">Hapka Petr</subfield>
    <subfield code="e">(musica)</subfield>
    <subfield code="g">Codice Musica SPICS: 38657</subfield>
    <subfield code="9">41942</subfield>
  </datafield>
  <datafield tag="700" ind1=" " ind2=" ">
    <subfield code="a">Herz Juraj </subfield>
    <subfield code="e">(regista)</subfield>
    <subfield code="g">Codice regista SPICS: 38655</subfield>
    <subfield code="9">41943</subfield>
  </datafield>
  <datafield tag="700" ind1=" " ind2=" ">
    <subfield code="a">Zinnerova Marketa </subfield>
    <subfield code="e">(soggetto)</subfield>
    <subfield code="g">Codice Soggetto SPICS: 38656</subfield>
    <subfield code="9">41944</subfield>
  </datafield>
  <datafield tag="942" ind1=" " ind2=" ">
    <subfield code="c">MM</subfield>
    <subfield code="2">ddc</subfield>
  </datafield>
  <datafield tag="999" ind1=" " ind2=" ">
    <subfield code="c">105530</subfield>
    <subfield code="d">105530</subfield>
  </datafield>
  <datafield tag="952" ind1=" " ind2=" ">
    <subfield code="0">0</subfield>
    <subfield code="1">0</subfield>
    <subfield code="4">0</subfield>
    <subfield code="6">V_0983_000000000000000</subfield>
    <subfield code="7">1</subfield>
    <subfield code="a">SPICS</subfield>
    <subfield code="b">SPICS</subfield>
    <subfield code="d">2015-01-31</subfield>
    <subfield code="l">0</subfield>
    <subfield code="o">V0983</subfield>
    <subfield code="r">2015-01-31 00:00:00</subfield>
    <subfield code="w">2015-01-31</subfield>
    <subfield code="y">MM</subfield>
    <subfield code="z">Progr. Ins.: 1206 / N.Vol.:2 / Copie: 1 / Pag.:0 / Copia rara: n.d. / date import: 1.2.2015 / By Epidotti, Trombetti, Vaglietti - CUSTODITA PRESSO FILMOTECA VATICANA</subfield>
  </datafield>
</record>
